Terrible Jokes III Quiz Stats

 Plays Quiz Updated Aug 4, 2019

Score 0/20 Timer 07:00
5 Plays Today
% Correct
The doctor told him he wasn't eating right.
94.8%
Police are searching for 16 hardened criminals.
94.8%
I know you can't, I had to amputate your arms.
94.5%
It got so bad, I had to take his bike away.
94.3%
Cliff.
94%
I just can’t part with it.
93.7%
It's not her main present, just a stocking stuffer.
93.5%
All I did was take a day off.
93.4%
You go for the juggler.
92.7%
Both crews have been marooned.
92.3%
% Correct
Now is the winter of my disco tent.
92%
He said, 'Can't complain'.
90.8%
It took him two hours to pass me the salt.
90%
I don't know how I feel about that.
90%
Change must come from within.
89.1%
A strong currant pulled him in.
87.5%
He says he can no longer make ends meet.
85.5%
Raise my right hand.
84.6%
He got a little behind in his orders.
84.2%
It just goes from bad to worse.
82.9%

You're not logged in!

Compare scores with friends on all Sporcle quizzes.
OR
Log In

Sporcle TV

Today on Sporcle TV


Watch our educational content, quiz creation guides, and fun videos on Sporcle TV.

Show Comments

Extras

Top Quizzes Today


Score Distribution

Your Account Isn't Verified!

In order to create a playlist on Sporcle, you need to verify the email address you used during registration. Go to your Sporcle Settings to finish the process.

Report this User

Report this user for behavior that violates our Community Guidelines.

Details: